Corpus Juris Hungarici

Bibliographic Details
Corporate Author: Akademická tlačiareň (Trnava, Slovensko) (Printer)
Format: Book
Language:Latin
PhysicalDescription:794 s.
Published: Tyrnaviae Academicis Societatis Jesu 1740
Subjects:

MARC

LEADER 00000cam a2200000 a 4500
001 vtls001417996
003 SK-MaSNL
005 20260301012714.0
008 180810s1740 xo 0 lat
015 |a SNBHFA 
035 |a SNK000372794 
040 |a SNK  |b slo  |c SNK  |e AACR2 
041 0 |a lat 
043 |a e-hu--- 
044 |a xo  |c SK 
072 7 |a 34  |x Právo  |2 konspekt 
080 |a 34  |2 2011 
080 |a (439.2)  |2 2011 
130 0 |a Corpus  |9 298178 
245 1 |a Corpus Juris Hungarici 
260 |a Tyrnaviae  |b Academicis Societatis Jesu  |c 1740 
300 |a 794 s. 
650 0 7 |a právo  |2 SNKPH  |9 976 
651 7 |a Uhorsko  |2 SNKPHgeo  |9 28673 
710 2 |a Akademická tlačiareň (Trnava, Slovensko)  |4 prt  |9 232890 
752 |a Slovensko  |d Trnava 
852 |a snk  |p SB 5875/1-3 
958 |a ONDV 
958 |a DD 
999 |c 554193  |d 556123 
952 |a SNK  |b SNK  |y PREZ  |7 0  |p 17A0309066  |o snkSB 5875/1-3 D1  |i snkF 2670/69  |8 5  |3 rekatalogizácia  |z Rok: 1740  |0 0  |1 0  |4 0  |d 2001-08-01  |l 0  |r 2005-01-02 00:00:00  |w 2026-02-23